000 00520nam a2200217 a 4500
003 AR-BaBNM
005 20251128204854.0
008 082120s2002 ||||||||||||||000 | spa||
020 _a950-843-145-8
040 _cAR-BaBNM
100 1 _aGalli, Domingo A.
245 0 0 _aPatios con sombras
260 _aBuenos Aires
_bVinciguerra
_c1996
300 _a92 p.
650 4 _aLITERATURA ARGENTINA
650 4 _aCUENTOS
650 4 _aLITERATURA CONTEMPORANEA
655 _aLITERATURA
942 _cBK
998 _cisola
999 _c9131
_d9131